00275nam a2200097Ia 4500008004100000020001500041100002400056245003500080260004400115300001800159180205s9999 xx 000 0 und d a9710859382 aRivera, Filomena V. aJose Rizal's immortal legacy / aSan juan CitybNational bookstorec1997 aix, 198 pages